000 00867nam a2200217Ia 4500
008 0000002015 usad 0000000000eng00
020 _a97814495130106
090 _aPUS00 H31m
100 1 _aHickey, Dave
245 1 0 _aMichael Reafsnyder
_c/ essays Dave Hickey ; photography by Robert Wedemeyer
300 _a48 p.
_c/ 28 cm.
500 _aExposición realizada en Ameringer McEnery Yohe de New York entre el 10 de eseptiembre y el 10 de octubre de 2015 \ Incluye lista de obras \ Texto en inglés
600 0 0 _a REAFSNYDER, MICHAEL/
_xTRABAJOS PICTORICOS
650 1 4 _a PINTURA ESTADOUNIDENSE
650 1 4 _aARTE CONTEMPORANEO ESTADOUNIDENSE
650 1 4 _xCATALOGOS
650 1 4 _xEXPOSICIONES
650 1 4 _aPINTORES ESTADOUNIDENSES
650 1 4 _aPINTURA ABSTRACTA ESTADOUNIDENSE
999 _c16701
_d16701
260 _aNew York : Ameringer McEnery Yohe
_c, 2015